Online
Catalog

Paulo Freire, pedagogo crítico / (Record no. 23744)

MARC details
000 -CABECERA
campo de control de longitud fija 00764nam a2200229 a 4500
001 - NÚMERO DE CONTROL
campo de control 000024250
005 - FECHA Y HORA DE LA ÚLTIMA TRANSACCIÓN
campo de control 20200930022839.0
008 - DATOS DE LONGITUD FIJA--INFORMACIÓN GENERAL
campo de control de longitud fija 110125s2002 mx r 000 | spa d
020 ## - NÚMERO INTERNACIONAL ESTÁNDAR DEL LIBRO
Número Internacional Estándar del Libro 9707020385
040 ## - FUENTE DE LA CATALOGACIÓN
Centro catalogador/agencia de origen DO-SdBNP
Lengua de catalogación spa
Centro/agencia transcriptor BNPHU
082 ## - NÚMERO DE LA CLASIFICACIÓN DECIMAL DEWEY
Número de clasificación 923.7
Número de documento/Ítem F866A
049 ## - FONDOS LOCALES (OCLC)
Fondos de biblioteca BNGR
100 1# - ENTRADA PRINCIPAL--NOMBRE DE PERSONA
Nombre de persona Araújo-Olivera, Sonia Stella
9 (RLIN) 49789
245 10 - MENCIÓN DE TÍTULO
Título Paulo Freire, pedagogo crítico /
Mención de responsabilidad, etc. Sonia Stella Araújo-Olivera.
260 ## - PUBLICACIÓN, DISTRIBUCIÓN, ETC.
Lugar de publicación, distribución, etc. México, D. F. :
Nombre del editor, distribuidor, etc. UPN, Dirección de Difusión y Extensión Universitaria,
Fecha de publicación, distribución, etc. 2002.
300 ## - DESCRIPCIÓN FÍSICA
Extensión 199 p. ;
Dimensiones 22 cm.
490 1# - MENCIÓN DE SERIE
Mención de serie Textos
Designación de volumen o secuencia 31
500 ## - NOTA GENERAL
Nota general Incluye referencias bibliográficas
600 14 - PUNTO DE ACCESO ADICIONAL DE MATERIA--NOMBRE DE PERSONA
Nombre de persona FREIRE, PAULO, 1921-1997
Subdivisión general BIOGRAFÍA
9 (RLIN) 49790
650 #4 - PUNTO DE ACCESO ADICIONAL DE MATERIA--TÉRMINO DE MATERIA
Término de materia o nombre geográfico como elemento de entrada Educación
Subdivisión geográfica América Latina
9 (RLIN) 18826
830 #0 - PUNTO DE ACCESO ADICIONAL DE SERIE-TÍTULO UNIFORME
Título uniforme Textos ;
Designación de volumen o secuencia 31
9 (RLIN) 14460
Holdings
Estado de retiro Estado de pérdida Restricciones de uso No para préstamo Código de colección Localización permanente Ubicación/localización actual Ubicación en estantería Fecha de adquisición Número de inventario Total de préstamos Signatura topográfica completa Código de barras Fecha visto por última vez Precio válido a partir de Tipo de ítem Koha
        Monografías: Libros y Folletos General General En catalogación 25.01.2011 LF1   923.7 F866A 24250-10 25.06.2020 25.06.2020 Préstamo en sala

Powered by Koha